000 02201nam2a2200313 4500
001 RU\NLR\BIBL_A\011469174
005 20250626072854.0
010 _a978-5-9907829-3-8
_91000
021 _aRU
_b2017-60094
_94254
035 _a(RuMoRGB)008962733
035 _a(NLR Aleph) 011469174
090 _a11845626
_c11845626
100 _a20170911d2014 |||y0rusy50 ca
101 0 _arus
102 _aRU
105 _aa z 000zy
200 0 _aТ. 7
_e[монография
_eсборник статей]
_fПермский институт (филиал) Федерального государственного бюджетного образовательного учреждения высшего профессионального образования "Российский экономический университет имени Г.В. Плеханова"
210 _d2014
_aБ. м.
215 _a224 с.
_cил., табл.
300 _aЮбилейный выпуск - 50 лет учебному заведению
320 _aБиблиогр. в конце ст.
461 0 _1001RU\NLR\bibl\1424819
_12001#$aПотребительский рынок в системе социально-экономических отношений$fПерм. ин-т (фил.) Гос. образоват. учреждения высш. проф. образования "Рос. гос. торгово-экон. ун-т"$gпод ред. Е.В. Гордеевой$vТ. 7
_91316917
_cПермь
_d2008
_fПерм. ин-т (фил.) Гос. образоват. учреждения высш. проф. образования "Рос. гос. торгово-экон. ун-т"
_nОт и ДО
_tПотребительский рынок в системе социально-экономических отношений
_vТ. 7
712 0 2 _4570
_aРоссийский экономический университет им. Г. В. Плеханова
_bПермский институт (филиал)
_9451105
_3RU\NLR\AUTH\880392621
852 _aNLR
_j2009-3/12229
942 _cBOOK
980 _aNB